Detalles MARC
| 000 -LÍDER |
| Campo fijo de descripción fija |
01129cam a2200301 i 4500 |
| 001 - NÚMERO DE CONTROL |
| Campo de control |
19402 |
| 003 - IDENTIFICADOR DEL NÚMERO DE CONTROL |
| Campo de control |
CO-MdFUSB |
| 005 - FECHA Y HORA DE LA ULTIMA TRANSACCIÓN |
| control field |
20220924123100.0 |
| 008 - ELEMENTOS DE LONGITUD FIJA -- INFORMACIÓN GENERAL |
| Campo fijo de descripción fija -- Información general |
220924t2010 sp ||||| |||| 00| 0 spa d |
| 020 ## - NÚMERO INTERNACIONAL NORMALIZADO PARA LIBROS |
| Número Internacional Normalizado del libro |
Vol. 1: 978-84-414-2118-9 ; Vol. 2: 978-84-414-2503-3 |
| 040 ## - FUENTE DE CATALOGACIÓN |
| Idioma de catalogación |
spa. |
| Agencia de catalogación original |
CO-MdFUSB |
| Agencia que realiza la transcripción |
CO-MdFUSB |
| Agencia que realiza la modificación |
CO-MdFUSBC |
| Convenciones de la descripción |
rda |
| 041 ## - CÓDIGO DE IDIOMA |
| Código de idioma para texto/pista de sonido o título separado |
spa |
| 082 04 - NÚMERO DE CLASIFICACIÓN DECIMAL DEWEY |
| Número de clasificación |
R T151ta |
| 100 ## - ASIENTO PRINCIPAL--NOMBRE PERSONAL |
| Término relacionador |
autor |
| 245 10 - TÍTULO |
| Título del Material |
El Talmud : Tratado de Beitzá : |
| Mención de responsabilidad, etc. |
/ Las leyes que rigen las actividades en una festividad |
| 264 #1 - PRODUCCIÓN, PUBLICACIÓN, DISTRIBUCIÓN, MANUFACTURA, Y COPYRIGHT |
| Lugar de producción, publicación, distribución, manufactura |
Jerusalén : |
| Nombre del productor, publicador, distribuidor |
Verbo Divino, |
| Fecha de producción, publicación, distribución, manufactura, o copyright |
[2010] |
| 264 #4 - PRODUCCIÓN, PUBLICACIÓN, DISTRIBUCIÓN, MANUFACTURA, Y COPYRIGHT |
| Fecha de producción, publicación, distribución, manufactura, o copyright |
© 2010 |
| 300 ## - DESCRIPCIÓN FÍSICA |
| Extensión |
2 volúmenes (Vol. 1: 459 páginas ; Vol. 2: 377 páginas) |
| Dimensiones |
; |
| 336 ## - TIPO DE CONTENIDO |
| Fuente |
rdacontent |
| Término de tipo de contenido |
texto |
| Código de tipo de contenido |
txt |
| 337 ## - TIPO DE MEDIO |
| Fuente |
rdamedia |
| Nombre del tipo de medio |
sin mediación |
| Código del tipo de medio |
n |
| 338 ## - TIPO DE SOPORTE |
| Fuente |
rdacarrier |
| Nombre del tipo de soporte |
volumen |
| Código Tipo de soporte |
nc |
| 500 ## - NOTA GENERAL |
| Nota General |
Incluye glosarios (Vol. 1: p. 421-448 ; Vol. 2: p. 339-366 |
| 501 ## - NOTA DE “CON” |
| Nota de Contenido |
Rústico |
| 505 ## - NOTA DE CONTENIDO |
| Nota de contenido con formato preestablecido |
Volumen 1: Introducción al Tratado de Beitzá - Capítulos 1 y 2 del Tratado de Beitzá \ Volumen 2: Capítulos 3, 4 y 5 del Tratado de Beitzá |
| 650 14 - ASIENTO SECUNDARIO DE MATERIA - TERMINO TEMÁTICO |
| Término temático o nombre geográfico como elemento de entrada |
TALMUD \ DERECHO HEBREO \ BIBLIA Y TRADICION |
| 942 ## - TIPO DE MATERIAL (KOHA) |
| Tipo de Item KOHA |
Libros General |
| 945 ## - INFORMACIÓN LOCAL DEL REGISTRO |
| Catalogador |
estudiante |